logo

Bir Sreshtho Munshi Abdur Rouf Library
Jhenaidah Cadet College

A New Continent and a New Nation / (Record no. 7388)

MARC details
000 -LEADER
fixed length control field 01622nam a2200373 4500
001 - CONTROL NUMBER
JCCL Control Number 7388
003 - CONTROL NUMBER IDENTIFIER
JCCL marc code BD-JhCC
005 - DATE AND TIME OF LATEST TRANSACTION
control field 20180417180459.0
008 - FIXED-LENGTH DATA ELEMENTS--GENERAL INFORMATION
fixed length control field 850710s1651 enk s 00| | eng d
035 ## - SYSTEM CONTROL NUMBER
system control number (BD-JhCC)7388
040 ## - CATALOGING SOURCE
Original cataloging agency Cu-RivES
Transcribing agency Cu-RivES
Modifying agency CStRLIN
Description conventions dcrb
Modifying agency WaOLN
-- BD-JhCC
041 ## - LANGUAGE CODE
Language code of Book eng
082 ## - DEWEY DECIMAL CLASSIFICATION NUMBER
Classification number 973
Author mark and Year ANG 1960
100 1# - MAIN ENTRY--PERSONAL NAME
Personal name Angle, Paul M.
245 12 - TITLE STATEMENT
Title A New Continent and a New Nation /
Remainder of title
Statement of responsibility, etc Paul M Angle
246 2# - VARYING FORM OF TITLE
Title proper/short title America islands and continent
260 ## - PUBLICATION, DISTRIBUTION, ETC. (IMPRINT)
Place of publication, distribution, etc London :
Name of publisher, distributor, etc Printed for Robert Leybourn, and are to be sold by Thomas Pirrepoint, at the Sun in S. Pauls Churchyard,
Date of publication, distribution, etc 1651.
300 ## - PHYSICAL DESCRIPTION
Pagination [16], 187, [3] p.
500 ## - GENERAL NOTE
General note Last leaf has imprimatur of Nathanael Brent.
500 ## - GENERAL NOTE
General note Annotation on Thomason copy: "Jan: 6 1650"; 1 in imprint date crossed through.
500 ## - GENERAL NOTE
General note Reproductions of the originals in the Harvard University Library (Early English books) and in the British Library (Thomason Tracts).
510 4# - CITATION/REFERENCES NOTE
Name of source Wing (2nd ed.)
Location within source G252aA.
510 4# - CITATION/REFERENCES NOTE
Name of source Thomason
Location within source E.1298[2].
650 #0 - SUBJECT ADDED ENTRY--TOPICAL TERM
Topical term or geographic name as entry element Indians of North America
Form subdivision Early works to 1800.
650 #0 - SUBJECT ADDED ENTRY--TOPICAL TERM
Topical term or geographic name as entry element Indians of South America
Form subdivision Early works to 1800.
651 #0 - SUBJECT ADDED ENTRY--GEOGRAPHIC NAME
Geographic name America
General subdivision Discovery and exploration
Form subdivision Early works to 1800.
651 #0 - SUBJECT ADDED ENTRY--GEOGRAPHIC NAME
Geographic name America
General subdivision Description and travel
Form subdivision Early works to 1800.
730 #0 - ADDED ENTRY--UNIFORM TITLE
Uniform title Early English books online.
830 #0 - SERIES ADDED ENTRY--UNIFORM TITLE
Uniform title Thomason Tracts ;
Volume number/sequential designation 174:E.1298[2].
856 40 - ELECTRONIC LOCATION AND ACCESS
Uniform Resource Identifier http://gateway.proquest.com/openurl?rft_id=xri:eebo:image:110834&ctx_ver=Z39.88-2003&res_id=xri:eebo&rft_val_fmt=&
942 ## - ADDED ENTRY ELEMENTS (KOHA)
Source of classification or shelving scheme Dewey Decimal Classification
Koha item type Books
949 #1 - LOCAL PROCESSING INFORMATION (OCLC)
1 MIT Access Only
a n-mit
b NET
h **See URL(s)
o 8
x 02
Holdings
Source of classification or shelving scheme Damaged status Not for loan Home library Current library Shelving location Date of accession Total Checkouts Full call number Barcode Date last seen Copy number Koha item type
Dewey Decimal Classification     JCC Rouf Library JCC Rouf Library General Stacks 04/17/2018   973 ANG 1960 10015 04/17/2018 C-1 Books

JCC Library | Contacts | JCC Home

Last Update on 23 September 2017
Copyright @ 2017-2020 JCC Rouf Library
Rouf Library, Jhenidah Cadet College (JCC), Bangladesh